Douleurs - Statistiques

Statistiques générales
  • Ce quiz a été pris 42 fois
  • Le résultat moyen est 4 sur 10
Statistiques - réponses
Hint Réponse % Correct
Analgésie absence de douleur lors d'une stimulation nociceptive
59%
Anesthésie douloureuse douleur ressentie dans un territoire anesthésié (chimique), perte de
sensibilité mais avec une douleur.
59%
Hypoesthésie diminution de la sensibilité lors d'une stimulation. Peut etre induite par des
Médicaments ou défaillance d’un nerf.
55%
Nocicepteur récepteur répondant préférentiellement à une stimulation nociceptive, répartie de
manière inégale (important). Récepteur douleurs.
50%
Névralgie douleur dans le territoire d'un ou plusieurs nerfs
45%
Hyperalgésie sensation exagérée a une stimulation nociceptive (difficile de dire si c'est
nociceptif ou neurogène, très liée au patient).
45%
Dysesthésie ou paresthésie : fourmillements, sensation anormale et désagréable à un endroit du
corps sans stimulation douloureuse, nociceptive (douleur neurogène).
41%
Causalgie seule douleur visible, brûlure, troubles vasomoteurs et tropique (perturbation de la
commande de dilatation des vaisseaux par une atteinte neurologique → main rouge, chaude
avec des crevasses) et trophiques (dépilation à l’endroit douloureux, peau craquelée), résultat
d’une lésion d’un nerf périphérique. On voit l’endroit qui fait mal.
36%
Allodynie douleur résultant d'une stimulation non nociceptive
27%
Hyperpathie syndrome douloureux avec réponse excessive, retardée, liée à une stimulation
répétée.
18%
Aucun quiz correspondant
Distribution des résultats
% des personnes avec chaque résultat
Percentile par nombre de réponses
Votre historique - résultats
Vous n’avez pas pris ce quiz